000 00454nam a22001937a 4500
003 OSt
008 230324b |||||||| |||| 00| 0 eng d
020 _a9789353437442
082 _a174.4 FEB
100 _aFERNANDO,AC
245 _aBusiness Ethics an Indian Perspective
250 _a3rd
260 _aUP
_bPearson
_c2020
300 _a588
650 _aBusiness Ethics
700 _aMURALEEDHARAN,KP
700 _aSATHEESH,EK
942 _2ddc
_cREF
999 _c11879
_d11879